LEADER 01461nam a2200325 u 4500 001 000000053766 003 CaOOAMICUS 005 20070226115610.0 008 001121s2000 fr u000 u fre u 020 $a2850211265 035 $a10861977 040 $aPUL$bita 100 1 $aTaylor, Justin,$cS.M.,$d1943-$0(OLS)http://pul/name/25712 245 14$aLes Actes des deux Apôtres.$nIV,$pCommentaire historique (Act. 1,1-8,40) /$cpar Justin Taylor, S.M. 246 30$aCommentaire historique (Act. 1,1-8,40) 260 $aParis :$bJ. Gabalda,$c2000. 300 $axxxii, 245 p. ;$c25 cm 490 1 $aEtudes bibliques.$aNouvelle série ;$v41 500 $aIndici: p. [227]-245. 504 $a"Bibliographie": p. [xi]-xxviii. 630 04$aBiblia.$pN.T.$pActus apostolorum$xCommenti.$0(OLS)http://pul/subject/10480 830 0$aEtudes bibliques.$pNouvelle série,$x0760-3541 ;$v41.$0(OLS)http://pul/title/41897 850 $aPUL 852 $aPUL$W1$xSL Religione 1$y3$m5 G 41(N.S.)$j120975$nBK-PRI$qStampati$B70880$CPULBib$Z2$F70880 $H83332 $82 941 1 $a8 961 $aINV: 83332 996 $6020$a2850211265$9(OLS)http://pul/number/67753 996 $6245$aLes Actes des deux Apôtres.$nIV,$pCommentaire historique (Act. 1,1-8,40)$9(OLS)http://pul/title/72111 996 $6246$aCommentaire historique (Act. 1,1-8,40)$9(OLS)http://pul/title/72112 996 $6260$aParis :$bJ. Gabalda$9(OLS)http://pul/publisher/48260 LEADER 01336nam a2200313 a 4500 001 000000133462 003 CaOOAMICUS 005 20130410104149.0 008 130410s1985 it u000 u ita r 020 $a88-359-2804-4 040 $aPUL$bita 041 1 $aita$hger 100 1 $aKant, Immanuel,$d1724-1804.$0(OLS)http://pul/name/8154 245 10$aPer la pace perpetua :$bun progetto filsofico e altri scritti /$cImmanuel Kant ; introduzione di Norberto Bobbio ; a cura di Nicolao Merker. 260 $aRoma :$bEditori Riuniti,$c1985. 300 $aXXXVIII, 92 p. ;$c20 cm 490 1 $aUniversale idee ;$v137 650 4$aPace.$0(OLS)http://pul/subject/4327 700 1 $aMerker, Nicolao,$d1931-$0(OLS)http://pul/name/38476 700 1 $aBobbio, Norberto,$d1909-2004.$0(OLS)http://pul/name/5645 830 0$aUniversale Idee ;$v137.$0(OLS)http://pul/title/76520 850 $aPUL 852 $aPUL$W1$xDP1 Fondo E. Rossi$y115$m1 K 8$j153392$qFondi$B152952$CPULBib$Z2$F152952 $82 941 1 $a1 961 $aSul dorso collocazione ms. di E. Rossi: K 4 996 $6020$a88-359-2804-4$9(OLS)http://pul/number/152350 996 $6245$aPer la pace perpetua :$bun progetto filsofico e altri scritti$9(OLS)http://pul/title/168655 996 $6260$aRoma :$bEditori Riuniti$9(OLS)http://pul/publisher/54152